| 000 | 00601nam a2200241Ia 4500 | ||
|---|---|---|---|
| 005 | 20250425162334.0 | ||
| 008 | 250425s9999 xx 000 0 und d | ||
| 020 | _a8420007110 | ||
| 041 | _aspa | ||
| 082 | _a664.02 | ||
| 100 | _aBARTHOLOMAI, ALFRED | ||
| 245 | 0 | _aFABRICAS DE ALIMENTOS: PROCESOS,EQUIPAMIENTO, COSTOS | |
| 250 | _a1A ED. | ||
| 260 |
_aEspaƱa _bACRIBIA _c1991 |
||
| 260 | _aZARAGOZA | ||
| 300 | _a293 | ||
| 650 | _aANALISIS DE PROCESOS | ||
| 650 | _aCOSTOS Y BENEFICIOS | ||
| 650 | _aEQUIPAMIENTO | ||
| 650 | _aTECNOLOGIA-ALIMENTOS | ||
| 942 | _c01 | ||
| 010 | _a63619 | ||
| 999 |
_c227183 _d227183 |
||